000 00748nam a2200229 a 4500
001 BRCA_3811
005 20190320204432.0
008 271109s2003----it-a######---#000-0#spa-#
020 _a5950100328
041 _aspa
044 _aita
050 4 _aN2030.R3
_b.M87 2003
245 1 0 _aMuseo dei Ermitage
_bGuía
_ctraducción del ruso Stepán Glowko ; redacción del texto en español Svetlana Hval.
260 _aItalia
_bSlavia
_c2003
300 _a319 p.
_bil. a color
_c24 cm.
500 _aIncluye índice general
610 2 4 _aMuseo dei Ermitage (San Petersburgo)
_vGuías
_xColecciones de arte
_99931
650 1 4 _aMuseos de arte
_vGuías
_zRusia
_99932
700 1 _aGlowko, Stepán
_99933
700 1 _aHval, Svetlana
_99934
942 _2lcc
_cB
999 _c3540
_d3540